[Event "6th Open"]
[Site "Saint Chely d'Aubrac FRA"]
[Date "2006.07.20"]
[Round "7"]
[White "Boudre,JP"]
[Black "Grigore,Ge"]
[Result "0-1"]
[WhiteElo "2315"]
[BlackElo "2472"]

1.e4 c5 2.Nf3 Nc6 3.Bb5 g6 4.O-O Bg7 5.c3 Nf6 6.Qa4 O-O 7.d4 cxd4 8.cxd4 Nxe4
9.d5 Nc5 10.Qc4 Qb6 11.Nc3 d6 12.dxc6 bxc6 13.Qh4 Bxc3 14.bxc3 cxb5 15.Qxe7 Qd8
16.Bg5 Qxe7 17.Bxe7 Re8 18.Bxd6 Na4 19.Be5 Be6 20.Bd4 Rec8 21.Rfc1 a6 22.Nd2 Bd5
23.Nf1 Rc6 24.Ne3 Be6 25.Rc2 f5 26.g3 Kf7 27.Kf1 Rd8 28.Rac1 Bxa2 29.Rxa2 Rxd4
30.cxd4 Rxc1+ 31.Kg2 Ke6 32.h4 Kd6 33.Kf3 Rc6 34.d5 Rc3 35.Kf4 Nc5 36.Kg5 b4
37.Kh6 b3 38.Re2 Nd3 39.Kxh7 b2 40.Rxb2 Nxb2 41.Kxg6 Nc4 42.Nxf5+ Kxd5 43.h5 Ne5+
44.Kg5 a5 45.f4 Nf3+ 46.Kg6 Nd4 47.g4 Nxf5 48.gxf5 a4 49.f6 a3 50.f7 Rc8  0-1

[Event "6th Open"]
[Site "Saint Chely d'Aubrac FRA"]
[Date "2006.07.20"]
[Round "7"]
[White "Lagunes,J"]
[Black "Jouet Pastre,A"]
[Result "0-1"]
[WhiteElo "2151"]
[BlackElo "1972"]

1.e4 c5 2.Nf3 Nc6 3.Bb5 d6 4.Bxc6+ bxc6 5.d3 e5 6.h3 f5 7.Qe2 Be7 8.c4 Nf6
9.Bg5 O-O 10.Nc3 Rb8 11.O-O Nxe4 12.Nxe4 fxe4 13.dxe4 Bxg5 14.Rfd1 Be7 15.Nxe5 Qb6
16.Nd3 Be6 17.b3 Rbe8 18.Ne1 Bf6 19.Rac1 Bd4 20.Nf3 Bf7 21.Qd3 Bg6 22.Nxd4 Bxe4
23.Qc3 cxd4 24.Rxd4 d5 25.c5 Qd8 26.f3 Bf5 27.Ra4 Rf7 28.Ra6 Qg5 29.Rxc6 Bxh3
30.Rc2 Qg3 31.Rf2 Rfe7 32.Kf1 Bxg2+  0-1

[Event "Czech Open A"]
[Site "Pardubice CZE"]
[Date "2006.07.21"]
[Round "1"]
[White "Czarnota,P"]
[Black "Gergel,V"]
[Result "1-0"]
[WhiteElo "2547"]
[BlackElo "2320"]

1.e4 c5 2.Nf3 Nc6 3.Bb5 d6 4.O-O Bd7 5.Re1 a6 6.Bf1 Bg4 7.h3 Bh5 8.c3 e5
9.d3 Be7 10.Nbd2 h6 11.Nc4 Bg5 12.Bxg5 hxg5 13.g4 Bg6 14.d4 b5 15.dxe5 bxc4
16.exd6 Qd7 17.Qd5 Rb8 18.Rad1 Nd8 19.Ne5 Qb7 20.Qxc5 Kf8 21.d7+ Ne7 22.Nxg6+ fxg6
23.Re3 Nf7 24.Rf3 Rd8 25.Bxc4 Rxd7 26.Rxd7 Qxd7 27.Kg2  1-0

[Event "Czech Open B1"]
[Site "Pardubice CZE"]
[Date "2006.07.21"]
[Round "1"]
[White "Filinkov,A"]
[Black "Vinklarek,O"]
[Result "0-1"]
[WhiteElo "2334"]
[BlackElo "2074"]

1.e4 c5 2.Nf3 Nc6 3.Bb5 g6 4.O-O Bg7 5.Re1 Nh6 6.d3 O-O 7.c3 a6 8.Ba4 b5
9.Bc2 Bb7 10.Nbd2 Rc8 11.Nf1 f6 12.Be3 Nb8 13.Ng3 Nf7 14.c4 b4 15.b3 e5 16.h4 h5
17.Nh2 d6 18.Qd2 Nc6 19.Bd1 Kh7 20.Be2 Rc7 21.Rac1 Bc8 22.Rf1 a5 23.Qd1 Kg8
24.f4 Bh6 25.Qd2 exf4 26.Bxf4 Bxf4 27.Rxf4 Nfe5 28.Rcf1 Nd4 29.Bd1 Rcf7 30.Nf3 Nexf3+
31.Bxf3 Ne6 32.Ne2 Kg7 33.Qb2 Kh7 34.g3 Qe7 35.Qd2 Nxf4 36.Nxf4 Qe5 37.Kh2 g5
38.Ng2 Rg7 39.hxg5 fxg5 40.Be2 Rxf1 41.Bxf1 h4 42.Qf2 Kg8 43.Be2 hxg3+ 44.Qxg3 Rh7+  0-1

[Event "Czech Open A"]
[Site "Pardubice CZE"]
[Date "2006.07.21"]
[Round "1"]
[White "Kasparov,S"]
[Black "Franssila,T"]
[Result "1/2-1/2"]
[WhiteElo "2491"]
[BlackElo "2275"]

1.e4 c5 2.Nf3 Nc6 3.Bb5 g6 4.Bxc6 dxc6 5.d3 Bg7 6.h3 Nf6 7.Nc3 Nd7 8.Be3 e5
9.Qd2 h6 10.Ng1 Qe7 11.Nge2 Nf8 12.f4 exf4 13.Nxf4 Ne6 14.O-O Nxf4 15.Bxf4 g5
16.Bh2 O-O 17.Rae1 Be5 18.Bxe5 Qxe5 19.Nd1 Be6 20.b3 Rad8 21.Ne3 b5 22.Qe2 c4
23.dxc4 Qxe4 24.cxb5 cxb5 25.Qh5 Qg6 26.Qxg6+ fxg6 27.Rxf8+ Kxf8 28.Kf2 Rd6
29.c4 bxc4 30.Nxc4 Bxc4 31.bxc4 Rd4 32.Re6 Rxc4 33.Rxg6 Rc2+ 34.Kg3 Rxa2
35.Rxh6 Kg7 36.Rc6 Ra4 37.Kf3 Kf7 38.g3 Kg7 39.Re6 Kf7  1/2-1/2

[Event "XI Open"]
[Site "Balaguer ESP"]
[Date "2006.07.22"]
[Round "6"]
[White "Rizouk,A"]
[Black "Sareen,V"]
[Result "1-0"]
[WhiteElo "2447"]
[BlackElo "2396"]

1.e4 c5 2.Nf3 Nc6 3.Bb5 g6 4.Bxc6 bxc6 5.O-O Bg7 6.Re1 Nh6 7.c3 O-O 8.h3 f6
9.d4 cxd4 10.cxd4 Nf7 11.Nc3 d6 12.b3 e5 13.Bb2 f5 14.dxe5 Nxe5 15.Nxe5 Bxe5
16.exf5 Bxf5 17.Qd2 Qh4 18.Rad1 Rf7 19.Na4 Bxb2 20.Nxb2 d5 21.Re2 Rd8 22.Nc4 Re7
23.Ne5 Rde8 24.Rde1 Qf6 25.Qf4 Kg7 26.Qd4 Bd7 27.Re3 Kg8 28.Qxa7 Rxe5 29.Qxd7 Rxe3
30.fxe3 Rf8 31.Rc1 Qf2+ 32.Kh1 Qxe3 33.Qxc6 d4 34.Qd5+ Kh8 35.Rd1 Rf4 36.a4 Kg7
37.a5 Re4 38.a6 Qe2 39.Rg1 Re7 40.a7  1-0

[Event "XI Open"]
[Site "Balaguer ESP"]
[Date "2006.07.22"]
[Round "6"]
[White "Mamedov,Nid"]
[Black "Oussama,O"]
[Result "1-0"]
[WhiteElo "2521"]
[BlackElo "2292"]

1.e4 c5 2.Nf3 Nc6 3.Bb5 e6 4.Bxc6 bxc6 5.O-O d6 6.e5 d5 7.d3 Ne7 8.Re1 Ng6
9.b3 Be7 10.Bb2 O-O 11.Nc3 Rb8 12.Na4 f6 13.c4 Rf7 14.Rc1 d4 15.Ba3 Qf8 16.Qd2 fxe5
17.Nxe5 Rf5 18.Nxg6 hxg6 19.Qe2 Bd6 20.f3 Bd7 21.Rc2 Qf6 22.Qf2 Rf8 23.Re4 Rh5
24.h3 Qe7 25.Rce2 Qg5 26.Rg4 Qf6 27.Ree4 e5 28.Bxc5 Bxg4 29.hxg4 Rh7 30.Qe1 g5
31.Qg3 Bxc5 32.Nxc5 Qh6 33.Kf2 Rf4 34.Rxe5 Qd6 35.Rxg5 Rh1 36.Rh5 Ra1 37.Qh4 Kf7
38.Rh8 Rf6 39.Qh5+ Rg6 40.Qf5+ Rf6 41.Ne4 Qc7 42.Qxf6+  1-0

[Event "Sunny Pawn A"]
[Site "Illichevsk UKR"]
[Date "2006.07.22"]
[Round "3"]
[White "Golubev,M"]
[Black "Zherebukh,Y"]
[Result "1/2-1/2"]
[WhiteElo "2467"]
[BlackElo "2371"]

1.e4 c5 2.Nf3 Nc6 3.Bb5 g6 4.O-O Bg7 5.c3 Nf6 6.d4 cxd4 7.cxd4 Nxe4 8.d5 Nb8
9.Re1 Nd6 10.Bd3 O-O 11.Nc3 Na6 12.Bf4 Nc7 13.Qd2 b5 14.a3 Bb7 15.Bxd6 exd6
16.Nxb5 Bxd5 17.Nxc7 Qxc7 18.Be4 Bxe4 19.Rxe4 a5 20.Ne1 Rab8 21.Nd3 Qc6 22.Re2 Rb3
23.Rd1 Qc4 24.g3 Rfb8 25.Re7 Qg4 26.Rde1 Bf6  1/2-1/2

[Event "Sunny Pawn Open"]
[Site "Illichevsk UKR"]
[Date "2006.07.22"]
[Round "3"]
[White "Podolsky,A"]
[Black "Yukhno,A"]
[Result "1/2-1/2"]
[WhiteElo "1992"]
[BlackElo "2169"]

1.e4 c5 2.Nf3 Nc6 3.Bb5 d6 4.d4 cxd4 5.Nxd4 Bd7 6.O-O Nf6 7.Re1 e6 8.c4 Be7
9.Nc3 O-O 10.Be3 a6 11.Bxc6 bxc6 12.f3 Qc7 13.Qc2 Rfc8 14.Rad1 Qb8 15.Qe2 Qa7
16.Bf2  1/2-1/2

[Event "Czech Open A"]
[Site "Pardubice CZE"]
[Date "2006.07.22"]
[Round "2"]
[White "Chudinovskikh,A"]
[Black "Fink,L"]
[Result "1-0"]
[WhiteElo "2341"]
[BlackElo "1997"]

1.e4 c5 2.Nf3 Nc6 3.Bb5 g6 4.O-O Bg7 5.c3 e5 6.d4 cxd4 7.cxd4 exd4 8.Bf4 Nge7
9.e5 O-O 10.Nbd2 Qb6 11.Bc4 Qxb2 12.Ne4 Qb4 13.Qe2 Na5 14.Bd3 Nd5 15.Bd2 Nc3
16.Qe1 Nc6 17.Nxc3 dxc3 18.Bxc3 Qe7 19.Rd1 d6 20.exd6 Qxd6 21.Bxg7 Kxg7 22.Ng5 Qe5
23.Ne4 Bf5 24.Nd6 Qxd6 25.Bxf5 Qf6 26.Bd7 Rad8 27.Qe4 Rb8 28.Rfe1 Rfd8 29.h4 a6
30.Rd3 Na7 31.Red1 Nb5 32.Rf3 Qb2 33.h5 Rbc8 34.Qd5 f5 35.Qe6 Qf6 36.h6+  1-0

[Event "Czech Open A"]
[Site "Pardubice CZE"]
[Date "2006.07.22"]
[Round "2"]
[White "Hansen,TR"]
[Black "Stefansson,H"]
[Result "0-1"]
[WhiteElo "2319"]
[BlackElo "2569"]

1.e4 c5 2.Nf3 Nc6 3.Bb5 e6 4.O-O Nge7 5.Re1 Nd4 6.Bf1 Nec6 7.c3 Nxf3+ 8.Qxf3 Be7
9.Na3 O-O 10.Nc2 Bf6 11.d3 d5 12.Bf4 dxe4 13.dxe4 Ne5 14.Qe2 Qb6 15.Ne3 Bd7
16.Bxe5 Bxe5 17.Nc4 Qc7 18.Nxe5 Qxe5 19.Qe3 Rad8 20.f4 Qc7 21.e5 b6 22.Rad1 Bc6
23.Be2 Qb7 24.Bf1 Rd5 25.Rxd5 Bxd5 26.c4 Bc6 27.Rd1 Qc7 28.Qd2 h6 29.Qd6 Qb7
30.a3 Ba4 31.Rd2 Qe4 32.Rf2 Bb3 33.Bd3 Qd4 34.Qxd4 cxd4 35.Rd2 f6 36.Bf1 fxe5
37.fxe5 Rf4 38.g3 Re4 39.Kf2 Kf7 40.Bg2 Rxe5 41.Rxd4 Rc5 42.Bf1 Ke7 43.Ke3 e5
44.Re4 Kf6 45.Kd2 Rc7 46.Kc3 Ba4 47.Bd3 Bc6 48.Re2 Ke6 49.b4 Rf7 50.b5 Bb7
51.c5 bxc5 52.Bc4+ Bd5 53.Bxd5+ Kxd5 54.Rd2+ Ke6 55.Kc4 Rf3 56.Ra2 e4 57.a4 e3
58.a5 Rf2 59.Ra1 e2 60.Re1 Kd6 61.h4 Rg2 62.h5 Rh2 63.a6 Kc7 64.Kxc5 Rxh5+
65.Kd4 Rh2 66.Kc5 h5 67.Rc1 Rf2 68.b6+ axb6+ 69.Kb5+ Kb8 70.Kxb6 Rf6+ 71.Kb5 Rf2
72.a7+ Kxa7  0-1

[Event "Czech Open A"]
[Site "Pardubice CZE"]
[Date "2006.07.22"]
[Round "2"]
[White "Kraemer,Mart"]
[Black "Furman,Bo"]
[Result "1/2-1/2"]
[WhiteElo "2434"]
[BlackElo "2257"]

1.e4 c5 2.Nf3 Nc6 3.Bb5 g6 4.Bxc6 bxc6 5.O-O Bg7 6.Re1 Nh6 7.c3 O-O 8.d4 cxd4
9.cxd4 f6 10.Nc3 Nf7 11.b3 d6 12.Bb2 Qa5 13.Qc2 f5 14.e5 Bb7 15.Rad1 Rac8
16.Na4 Qd5 17.exd6 exd6 18.Re7 Qb5 19.Rde1 Bf6 20.R7e6 Bg7 21.Nd2 Qd5 22.Nc3 Qxd4
23.Nc4 c5 24.h3 Qf4 25.Bc1 Qd4 26.Bb2 Qf4 27.Bc1 Qd4  1/2-1/2

[Event "Czech Open A"]
[Site "Pardubice CZE"]
[Date "2006.07.22"]
[Round "2"]
[White "Szwed,J"]
[Black "Lampe,D"]
[Result "1/2-1/2"]
[WhiteElo "2323"]
[BlackElo "2222"]

1.e4 c5 2.Nf3 Nc6 3.Bb5 g6 4.c3 Nf6 5.Qe2 Qb6 6.Na3 a6 7.Bxc6 Qxc6 8.e5 Nd5
9.d4 cxd4 10.cxd4 b5 11.Be3 Bg7 12.Rc1 Qb6 13.Bg5 Bb7 14.O-O O-O 15.Qd2 Qe6
16.Rfe1 Rfc8 17.Nc2 Rc7 18.Na1 Rxc1 19.Rxc1 Nb6 20.Nb3 Nc4 21.Qe2 d6 22.Re1 h6
23.Bh4 Qd5 24.Bxe7 Re8 25.exd6 Nxd6 26.Qc2 Nf5 27.Bc5 Rxe1+  1/2-1/2

[Event "6th Open"]
[Site "Saint Chely d'Aubrac FRA"]
[Date "2006.07.22"]
[Round "9"]
[White "Rabier,J"]
[Black "Sidibe,M"]
[Result "0-1"]
[WhiteElo "1972"]
[BlackElo "1815"]

1.e4 c5 2.Nf3 Nc6 3.Bb5 g6 4.O-O Bg7 5.c3 Nf6 6.Re1 O-O 7.d4 cxd4 8.cxd4 d5
9.e5 Ne8 10.Bxc6 bxc6 11.Nc3 Nc7 12.Be3 Ne6 13.Rc1 Bd7 14.Qd2 Re8 15.Ne2 Qc7
16.Nf4 Qb7 17.h4 f6 18.Nxe6 Bxe6 19.b3 Bg4 20.Nh2 Bd7 21.Bh6 Qc8 22.Bxg7 Kxg7
23.Qe3 Be6 24.Rc3 Rb8 25.Qc1 Rb6 26.Re2 Qa6 27.Rce3 Qc8 28.Qe1 f5 29.f4 Qb7
30.Rc2 Rb4 31.Nf3 Rc8 32.Rec3 Qb6 33.Rc5 h6 34.Kh2 Rb5 35.Qc1 Bd7 36.Ne1 Qa6
37.Qd2 Rh8 38.Nd3 e6 39.Nb4 Qb7 40.Nxc6 Rxc5 41.Rxc5 Bxc6 42.Qc3 Rc8 43.b4 Bd7
44.Rxc8 Qxc8 45.Qxc8 Bxc8 46.Kg3 Bd7 47.Kf3 Bb5 48.g3 Kf7 49.Ke3 Ke7 50.Kd2 Kd7
51.Kc3 Kc6 52.Kb2 Ba4 53.Kc3 Kb5 54.a3 a6 55.Kd3 Bb3 56.Kc3 Ka4 57.Kb2 Bc4
58.Kc3 Kxa3  0-1

[Event "10th Battle of Senta 1697 Open"]
[Site "Senta SCG"]
[Date "2006.07.22"]
[Round "2"]
[White "Cvijic,N"]
[Black "Markovic,ZS"]
[Result "0-1"]
[WhiteElo "2179"]
[BlackElo "2370"]

1.e4 c5 2.Nf3 Nc6 3.Bb5 g6 4.c3 Bg7 5.O-O e5 6.d4 cxd4 7.cxd4 exd4 8.Bf4 a6
9.Bc4 d6 10.Nbd2 Nge7 11.Bd5 O-O 12.Nc4 Nxd5 13.exd5 Ne5 14.Qb3 Nxc4 15.Qxc4 Qb6
16.h3 Bf5 17.Rac1 Rac8 18.Qb3 Qxb3 19.axb3 d3 20.Bxd6 Rxc1 21.Rxc1 Rd8 22.Be5 Bxe5
23.Nxe5 Be4 24.Rd1 Rxd5 25.Nc4 g5 26.f3 Bg6 27.Rd2 Rb5 28.Kf2 f6 29.Nd6 Rxb3
30.Ke3 Rb4 31.Ne4 Bxe4 32.fxe4 Rb3 33.Kd4 b5 34.Rf2 Kg7 35.Kd5 a5 36.Kd4 a4
37.Kc5 h5 38.g4 h4 39.Rd2 Kf7 40.Kd5 b4 41.e5 fxe5 42.Kxe5 a3 43.bxa3 bxa3
44.Kd4 Rb4+ 45.Kxd3 Rb3+ 46.Ke4 Ke6 47.Rc2 Rb4+ 48.Kd3 Ra4 49.Ra2 Kd5 50.Kc3 Ke4
51.Kb3 Ra8 52.Kc4 Kf3  0-1

[Event "10th Battle of Senta 1697 Open"]
[Site "Senta SCG"]
[Date "2006.07.22"]
[Round "2"]
[White "Nagy,At1 SCG"]
[Black "Govedarica,R"]
[Result "1/2-1/2"]
[WhiteElo "2202"]
[BlackElo "2415"]

1.e4 c5 2.Nf3 Nc6 3.Bb5 g6 4.O-O Bg7 5.Bxc6 bxc6 6.Nc3 d6 7.h3 e5 8.d3 Nf6
9.Be3 O-O 10.Qd2 Ne8 11.Nh2 Nc7 12.f4 exf4 13.Bxf4 Ne6 14.Bh6 Nd4 15.Bxg7 Kxg7
16.Ne2 Nxe2+ 17.Qxe2 a5 18.Rf2 a4 19.Raf1 f6 20.Qe3 Be6 21.b3 axb3 22.axb3 Qe7
23.Qg3 Bd7 24.Nf3 Rae8 25.Rd2 Be6 26.d4 cxd4 27.Nxd4 Bd7 28.Nf3 Qxe4 29.Qxd6 Qe3+
30.Kh2 Rf7 31.Re1 Qc3 32.Rxe8 Bxe8 33.Re2 Bd7 34.Re7 Bf5 35.Nd4 c5 36.Nxf5+ gxf5
37.Re2 f4 38.Qxf4 Qd4 39.Qxd4 cxd4 40.Rd2 Rc7 41.Kg3 Rc3+ 42.Kf4 d3 43.cxd3 Rxb3
44.d4 Kg6 45.Ke4 Kf7 46.d5 Rb4+ 47.Kf5 Rb5 48.Rd4 Ra5 49.Kg4 Ke7 50.d6+ Kd7
51.Kf4 Ra2 52.g3 Ra5 53.Kg4 Re5 54.h4 Ra5 55.h5 h6 56.Rf4 Ke6 57.Rd4 Kd7
58.Kh4 f5 59.Rb4 Ra6 60.Rb5 Ke6 61.d7 Rd6 62.Rb8 Kxd7 63.Rg8 Ke7 64.g4  1/2-1/2

[Event "10th Battle of Senta 1697 Open"]
[Site "Senta SCG"]
[Date "2006.07.22"]
[Round "3"]
[White "Govedarica,R"]
[Black "Mirkovic,St"]
[Result "0-1"]
[WhiteElo "2415"]
[BlackElo "2214"]

1.e4 c5 2.Nf3 Nc6 3.Bb5 g6 4.O-O Bg7 5.Bxc6 dxc6 6.h3 e5 7.d3 f6 8.Nc3 Nh6
9.Nh2 O-O 10.Be3 b6 11.Qd2 Nf7 12.a4 Be6 13.b3 Qd7 14.a5 Rfd8 15.axb6 axb6
16.Na4 Qb7 17.Qc3 Bf8 18.Rae1 Bg7 19.Qd2 Re8 20.f4 exf4 21.Bxf4 Rad8 22.Qf2 Bc8
23.Qg3 Ne5 24.Nf3 Nxf3+ 25.Rxf3 Rd7 26.Ref1 Rf7 27.Bd2 f5 28.Bc3 Bxc3 29.Nxc3 Ref8
30.Na4 Qa7 31.Qf2 Be6 32.Qe3 Qc7 33.e5 Bd5 34.R3f2 Re7 35.Re2 Rfe8 36.Rfe1 Rf8
37.Qf4 Rg7 38.h4 Be6 39.Rf2 Qd8 40.Qg5 Qd4 41.Nxb6 Qb4 42.Ra1 Qxb6 43.Ra4 Ra7
44.Rxa7 Qxa7 45.Qe3 Qa1+ 46.Kh2 Qd4 47.Qf4 Qxf4+ 48.Rxf4 Ra8 49.Ra4 Rxa4
50.bxa4 c4 51.d4 c3 52.a5 Bc4 53.Kg3 Kf7 54.Kf4 Ke6 55.Kg5 c5 56.dxc5 Kxe5  0-1

[Event "10th Battle of Senta 1697 Open"]
[Site "Senta SCG"]
[Date "2006.07.22"]
[Round "3"]
[White "Vratonjic,S"]
[Black "Damjanovic,D"]
[Result "1-0"]
[WhiteElo "2465"]
[BlackElo "2273"]

1.e4 c5 2.Nf3 Nc6 3.Bb5 g6 4.O-O Bg7 5.Bxc6 bxc6 6.Re1 Nh6 7.c3 f6 8.d4 cxd4
9.cxd4 Nf7 10.Nc3 d6 11.h3 O-O 12.Be3 Bd7 13.Qc2 Qa5 14.Rad1 Qh5 15.Ne2 Qa5
16.b3 Rfc8 17.Ng3 Qb5 18.Nd2 a5 19.a4 Qb7 20.f4 Rcb8 21.f5 g5 22.Rb1 d5 23.Bf2 Re8
24.Re2 e6 25.fxe6 Bxe6 26.Rbe1 Nd6 27.e5 fxe5 28.dxe5 Nf7 29.Nh5 Qd7 30.Qc3 Qc7
31.Nf6+ Bxf6 32.exf6 Qd7 33.Nf3 Bf5 34.Re7 Rxe7 35.Rxe7 Qd6 36.Ne5 Bg6 37.Nxf7 Bxf7
38.Qf3 Rf8 39.Bd4 c5 40.Be5  1-0

[Event "XI Open"]
[Site "Balaguer ESP"]
[Date "2006.07.23"]
[Round "7"]
[White "Delchev,A"]
[Black "Escobar Forero,A"]
[Result "1-0"]
[WhiteElo "2637"]
[BlackElo "2431"]

1.e4 c5 2.Nf3 Nc6 3.Bb5 d6 4.O-O Bd7 5.Re1 Nf6 6.c3 a6 7.Bf1 Bg4 8.h3 Bh5
9.d4 cxd4 10.cxd4 e5 11.g4 Bg6 12.d5 Nb8 13.Nc3 Nbd7 14.Nh4 Be7 15.Nf5 O-O
16.Nxe7+ Qxe7 17.f3 Ne8 18.Be3 Nc7 19.Rc1 Rfc8 20.Qd2 f6 21.Ne2 Be8 22.Ng3 g6
23.h4 Nb5 24.Bh3 Nc5 25.Kh2 Bd7 26.f4 b6 27.f5 a5 28.g5 Rf8 29.Rg1 Nd4 30.Bxd4 exd4
31.fxg6 hxg6 32.Bxd7 Nxd7 33.Rc7 Qd8 34.Rxd7 Qxd7 35.Nf5 Qh7 36.Qxd4 Rae8
37.gxf6 Kh8 38.f7+ Re5 39.Nxd6 Qxh4+ 40.Kg2 Qg5+ 41.Kf3 Qe7 42.Rxg6 Kh7 43.Rg7+ Kh8
44.Rg6 Kh7 45.Nf5 Rxf5+ 46.exf5 Rxf7 47.Qg4  1-0

[Event "XI Open"]
[Site "Balaguer ESP"]
[Date "2006.07.23"]
[Round "7"]
[White "Babaev,Ra"]
[Black "Gopal,G"]
[Result "1/2-1/2"]
[WhiteElo "2454"]
[BlackElo "2343"]

1.e4 c5 2.Nf3 Nc6 3.Bb5 g6 4.Bxc6 dxc6 5.d3 Bg7 6.h3 Nf6 7.Nc3 Nd7 8.O-O e5
9.Be3 Qe7 10.Qd2 h6 11.Nh2 Nf8 12.f4 exf4 13.Bxf4 Ne6 14.Bg3 O-O 15.e5 Nd4
16.Rae1 Bf5 17.Ne4 Bxe4 18.Rxe4 h5 19.Nf3 Nxf3+ 20.Rxf3 Rae8 21.a3 Qd7 22.Qf2 b6
23.b4 cxb4 24.axb4 Re6 25.Re1 Qe7 26.Qd4 Re8 27.Qc4 c5 28.c3 cxb4 29.cxb4 b5
30.Qd5 h4 31.Bh2 a6 32.Ref1 Rd8 33.Qb3 Rf8 34.d4 Qa7 35.Kh1 Qxd4 36.Rxf7 Rxf7
37.Qxe6 Qc4 38.Qe8+ Bf8 39.Rxf7 Qxf7 40.Qc8 Kg7 41.Qxa6 Qf1+ 42.Bg1 Bxb4
43.Qa7+ Kh6 44.Qd4 Be7 45.Kh2 Qf5 46.Be3+ Kh7 47.Bd2 b4 48.Bxb4 Bxb4 49.Qxh4+ Kg7
50.Qxb4 Qxe5+ 51.Kg1 Qe2 52.Qd4+ Kh7 53.Kh2 Qe1 54.Qf4 Kg7 55.Qg3 Qe2 56.Qc3+ Kh7
57.Kg3 Qe6 58.Qc7+ Kh6 59.Qf4+ Kg7 60.h4 Qe1+ 61.Kh2 Qe2 62.Qd4+ Kh7 63.Qf6 Qg4
64.Qe7+ Kh6 65.Qf8+ Kh7 66.Qe7+ Kh6 67.g3 Qf3 68.Qg5+ Kg7 69.Qe5+ Kf7 70.Kh3 Kg8
71.Qe7 Qf1+ 72.Kh2 Qf2+  1/2-1/2

[Event "Summer Cup"]
[Site "Litohoro GRE"]
[Date "2006.07.23"]
[Round "2"]
[White "Iordanidou,Z"]
[Black "Tassopoulos,M"]
[Result "0-1"]
[WhiteElo "1968"]
[BlackElo "2270"]

1.e4 c5 2.Nf3 Nc6 3.Bb5 Nd4 4.Bc4 e6 5.Nc3 Nf6 6.O-O a6 7.Re1 b5 8.Bf1 Bb7
9.d3 d5 10.e5 Nxf3+ 11.Qxf3 Nd7 12.Bf4 g5 13.Bd2 Bg7 14.Qg3 h6 15.f4 Qc7
16.h4 O-O-O 17.hxg5 hxg5 18.Qxg5 Rdg8 19.Qe7 b4 20.Nd1 f6 21.exf6 Bxf6 22.Qxe6 Qd8
23.c3 Qf8 24.f5 Bh4 25.Re2 Bg3 26.Be1 Rh1+  0-1

[Event "10th Battle of Senta 1697 Open"]
[Site "Senta SCG"]
[Date "2006.07.23"]
[Round "4"]
[White "Savic,Miod1"]
[Black "Miljkovic,Mir1"]
[Result "1/2-1/2"]
[WhiteElo "2518"]
[BlackElo "2399"]

1.e4 c5 2.Nf3 Nc6 3.Bb5 g6 4.O-O Bg7 5.h3 Nf6 6.Re1 O-O 7.c3 e5 8.d3 d6 9.Nbd2 Ne8
10.Nf1 Nc7 11.Bxc6 bxc6 12.Be3 f5 13.Bg5 Qd7 14.d4 cxd4 15.cxd4 h6 16.Bc1 exd4
17.Nxd4 c5 18.Nf3 fxe4 19.Rxe4 Bb7 20.Re3 Rf7 21.Qb3 Bc6 22.Bd2 Rf8 23.N1h2 Kh7
24.Rae1 Nb5 25.Bc3 Nxc3 26.bxc3 Qf5 27.Qd1 Qd5 28.Qc2 Qf5 29.Qd1 Qd5 30.Qc2  1/2-1/2

[Event "GM Scheveningen"]
[Site "Taiyuan CHN"]
[Date "2006.07.23"]
[Round "12"]
[White "Asrian,K"]
[Black "Zhang Pengxiang"]
[Result "0-1"]
[WhiteElo "2635"]
[BlackElo "2622"]

1.e4 c5 2.Nf3 Nc6 3.Bb5 e6 4.b3 Nd4 5.Nxd4 cxd4 6.O-O Ne7 7.c3 a6 8.Bd3 Nc6
9.cxd4 Nxd4 10.Bb2 Bc5 11.Nc3 O-O 12.e5 d5 13.Rc1 Nc6 14.Na4 Ba7 15.Qh5 h6
16.Ba3 Re8 17.Bd6 Qa5 18.Qe2 Bd7 19.Nc5 Bxc5 20.Bxc5 Rac8 21.a3 Nxe5 22.Qxe5 Rxc5
23.b4 Qxa3 24.Bh7+ Kxh7 25.bxc5 Bc6 26.Rc3 Qb2 27.Qf4 f6 28.Rg3 Qc2 29.Qc7 Rg8
30.d4 Qd2 31.Re3 Qxd4 32.Rxe6 Qxc5 33.Rxf6 Re8 34.Qf7 Qe7 35.Qg6+ Kg8 36.Rxc6 bxc6
37.Qxc6 Qe6 38.Qa4 Rd8 39.Qa5 Rd6 40.Re1 Qd7 41.Qa2 Kh8 42.Rb1 d4 43.h4 d3
44.Rb8+ Kh7 45.h5 Re6 46.Qb1 Qd5 47.Rf8 a5 48.Qd1 d2 49.Kh2 Qd6+  0-1

[Event "XI Open"]
[Site "Balaguer ESP"]
[Date "2006.07.24"]
[Round "8"]
[White "Djingarova,E"]
[Black "Barrientos,S"]
[Result "0-1"]
[WhiteElo "2300"]
[BlackElo "2435"]

1.e4 c5 2.Nf3 Nc6 3.Bb5 d6 4.O-O Bd7 5.Re1 Nf6 6.c3 a6 7.Bf1 Bg4 8.d3 e6
9.Nbd2 Be7 10.h3 Bh5 11.g4 Bg6 12.Nh4 Nd7 13.Ng2 e5 14.Nf3 h5 15.g5 Nf8 16.d4 Qd7
17.Ngh4 Bh7 18.d5 Nd8 19.b4 cxb4 20.cxb4 f6 21.Kh2 Nf7 22.gxf6 Bxf6 23.Bd3 Ng6
24.Nxg6 Bxg6 25.Rg1 Bh7 26.Be3 O-O 27.Nd2 h4 28.Qh5 Rac8 29.Nc4 Rxc4 30.Bxc4 Bxe4
31.Rac1 Bf5 32.Bb3 e4 33.Rc7 Qxc7 34.Qxf5 Qe7 35.Qe6 Re8 36.Rg4 Qd8 37.Qf5 Ne5
38.Rxe4 g6 39.Qf4 Bg5 40.Qxg5 Nf3+ 41.Kg2 Nxg5 42.Rg4 Rxe3 43.fxe3 Qf6  0-1

[Event "MTO Open"]
[Site "Biel SUI"]
[Date "2006.07.24"]
[Round "1"]
[White "Pikula,D"]
[Black "Alvarado,C"]
[Result "1-0"]
[WhiteElo "2545"]
[BlackElo "2168"]

1.e4 c5 2.Nf3 Nc6 3.Bb5 e6 4.O-O Nge7 5.Re1 a6 6.Bxc6 bxc6 7.d3 Ng6 8.Ng5 Be7
9.Qh5 e5 10.Nc3 Bxg5 11.Bxg5 f6 12.Be3 d6 13.Ne2 O-O 14.Ng3 Rb8 15.b3 Rb7
16.c3 Be6 17.d4 cxd4 18.cxd4 d5 19.Rad1 Qa5 20.Qe2 Rd7 21.Qc2 Qb5 22.f3 Rfd8
23.dxe5 fxe5 24.Rc1 d4 25.Bd2 Rc8 26.Qc5 Rf7 27.Red1 Bd7 28.Rc2 Re8 29.Qa3 Qd3
30.Qc1 Qb5 31.Rc5 Qb7 32.Qc4 Be6 33.Qc2 Bd7 34.Rc1 Re6 35.Qc4 Rf8 36.Ra5 Ra8
37.Nf5 Kh8 38.Kh1 h6 39.Ng3 Kh7 40.Ne2 Rf6 41.Ng3 Qc8 42.Nh5 Re6 43.f4 exf4
44.Qxd4 Re7 45.Nxf4 Nxf4 46.Bxf4 Qe8 47.Re1 Qg6 48.Bd6 Rf7 49.h3 Be6 50.Be5 Qh5
51.Qc3 Qh4 52.Bg3 Qf6 53.Qxf6 Rxf6 54.Rd1 Bf7 55.Rd7 Re8 56.e5 Rf1+ 57.Kh2 Bd5
58.Rxa6 Rd1 59.Rxc6 Rd2 60.Rb6 Kg8 61.Rxd5 Rxd5 62.Ra6 Rd2 63.a4 Rc8 64.Rg6 Rb2
65.a5 Rcc2 66.Bh4 Rxb3 67.e6 Re2 68.Bf6 Rxe6 69.Rxg7+ Kf8 70.Bd4 Re4 71.Rd7 Ke8
72.Rd5 Ra3 73.Bb6 Re2 74.h4 Kf7  1-0

[Event "Sunny Pawn Open"]
[Site "Illichevsk UKR"]
[Date "2006.07.24"]
[Round "5"]
[White "Shkliar,B"]
[Black "Neschetny,V"]
[Result "1/2-1/2"]
[WhiteElo "2188"]
[BlackElo "2115"]

1.e4 c5 2.Nf3 Nc6 3.Bb5 Nf6 4.e5 Nd5 5.Nc3 Nc7 6.Be2 Ne6 7.d3 g6 8.h4 Bg7
9.h5 Nxe5 10.Nxe5 Bxe5 11.hxg6 hxg6 12.Rxh8+ Bxh8 13.Qd2 Qa5 14.Bf3 Rb8 15.Bd5 d6
16.Ne2 Qxd2+ 17.Kxd2 Nd4 18.c3 Nc6 19.Kc2 e6 20.Bxc6+ bxc6 21.Bg5 Bg7 22.Rh1 e5
23.Ng3 Bf5 24.Rh7 Bf8 25.Nxf5 gxf5 26.f4 exf4 27.Bxf4 Ke7 28.Bg5+ Ke6 29.Rh8 Re8
30.Kd2 d5 31.Ke3 f6 32.Bh6 Kf7+ 33.Kf3 Bxh6 34.Rxh6 Kg7 35.Rh4 Re1 36.Ra4 Rf1+
37.Ke2 Rg1 38.Rxa7+ Kg6 39.Kf2 Rd1 40.Ke3 Re1+ 41.Kf2  1/2-1/2

[Event "Czech Open A"]
[Site "Pardubice CZE"]
[Date "2006.07.24"]
[Round "4"]
[White "Jaracz,B"]
[Black "Potyavin,I"]
[Result "1-0"]
[WhiteElo "2282"]
[BlackElo "2047"]

1.e4 c5 2.Nf3 Nc6 3.Bb5 g6 4.Bxc6 bxc6 5.O-O d6 6.h3 Bg7 7.c3 Nf6 8.e5 Nd5
9.exd6 Qxd6 10.d4 O-O 11.Nbd2 cxd4 12.cxd4 Bf5 13.Nc4 Qc7 14.Bg5 f6 15.Bd2 Qd7
16.Re1 Rae8 17.Rc1 g5 18.Nh2 Bg6 19.Na5 Rc8 20.Nb3 e5 21.dxe5 fxe5 22.Bxg5 Qf5
23.Bh4 Nf4 24.Nc5 Nd3 25.g4 Qf7 26.Nxd3 Rfd8 27.Bxd8 Rxd8 28.Nxe5 Rxd1 29.Nxf7 Rxe1+
30.Rxe1 Bxf7 31.b3 Bd5 32.Nf1 Kf7 33.Ne3 Be6 34.f4 Bd4 35.Kf2 Kg6 36.f5+ Kf7
37.Kf3 h6  1-0

[Event "Accentus Ladies"]
[Site "Biel SUI"]
[Date "2006.07.25"]
[Round "2"]
[White "Skripchenko,A"]
[Black "Dembo,Y"]
[Result "1/2-1/2"]
[WhiteElo "2421"]
[BlackElo "2465"]

1.e4 c5 2.Nf3 Nc6 3.Bb5 d6 4.Bxc6+ bxc6 5.O-O e5 6.c3 f5 7.d4 cxd4 8.cxd4 fxe4
9.Ng5 Be7 10.Nxe4 Nf6 11.Nxf6+ Bxf6 12.dxe5 Bxe5 13.Qf3 Bd7 14.Nd2 Qh4 15.h3 Qf6
16.Qh5+ Qf7 17.Qxf7+ Kxf7 18.Nc4  1/2-1/2

[Event "Sunny Pawn A"]
[Site "Illichevsk UKR"]
[Date "2006.07.25"]
[Round "6"]
[White "Vovk,Y"]
[Black "Stopkin,V"]
[Result "1/2-1/2"]
[WhiteElo "2441"]
[BlackElo "2296"]

1.e4 c5 2.Nf3 Nc6 3.Bb5 g6 4.O-O Bg7 5.Re1 Nf6 6.e5 Nd5 7.Nc3 Nc7 8.Bxc6 dxc6
9.Ne4 O-O 10.Nxc5 b6 11.Ne4 c5 12.d3 f5 13.exf6 exf6 14.Bd2 Bb7 15.Rb1 f5
16.Neg5 Re8 17.Bc3 Bxc3 18.bxc3 h6 19.Nh3 Qf6 20.d4 Rxe1+ 21.Nxe1 Rd8 22.Qc1 cxd4
23.cxd4 g5 24.c3 f4 25.f3 Nd5 26.Nf2 Rc8 27.Ne4 Qg6 28.Rb2 g4 29.Kh1 gxf3
30.gxf3 Ne3 31.Qb1 Bxe4 32.Qxe4 Qxe4 33.fxe4 Rxc3 34.Kg1 Rc1 35.Re2 Nc2 36.Rxc2 Rxe1+
37.Kf2 Rxe4 38.d5 Rd4 39.Rc8+ Kf7 40.Rc7+ Kf6 41.Rxa7 Rxd5 42.Kf3 Rd4 43.Rb7 Rb4  1/2-1/2

[Event "Czech Open A"]
[Site "Pardubice CZE"]
[Date "2006.07.25"]
[Round "5"]
[White "Drabke,L"]
[Black "Fruebing,S"]
[Result "1/2-1/2"]
[WhiteElo "2386"]
[BlackElo "2284"]

1.e4 c5 2.Nf3 Nc6 3.Bb5 g6 4.Bxc6 dxc6 5.d3 Bg7 6.h3 Nf6 7.Nc3 Nd7 8.Be3 e5
9.Qd2 h6 10.O-O Qe7 11.Nh2 Nf8 12.f4 exf4 13.Bxf4 Be6 14.Bg3 g5 15.Rae1 Ng6
16.Nd5 cxd5 17.exd5 O-O 18.c3 Qd7 19.dxe6 fxe6 20.Qe2 Kh7 21.Rxf8 Rxf8 22.Ng4 b6
23.Qe4 Qd5 24.Qxd5 exd5 25.Re6 Rf7 26.Bb8 Rb7 27.Bd6 Rf7 28.a4 h5 29.Nh2 Rf6
30.Nf3 g4 31.hxg4 hxg4 32.Rxf6 Bxf6 33.Nh2 Be5 34.Bxe5 Nxe5 35.d4 cxd4 36.cxd4 Nd3
37.Nxg4 Nxb2 38.a5 bxa5 39.Nf6+ Kg6 40.Nxd5 a4 41.Nc3 a3 42.Kf1 Na4 43.Na2 Kf5
44.Ke2 Ke4 45.Kd2 Kxd4 46.g4  1/2-1/2